Longest rivers by continent - Statistics

General Stats
  • This quiz has been taken 25 times
  • The average score is 6 of 7
Answer Stats
Continent River % Correct
South America Amazon River
100%
Africa Nile River
100%
North America Mississippi River
96%
Asia Yangtze River
92%
Europe Volga River
83%
Oceania The River Murray
71%
Antarctica Onyx River
17%
No matching quizzes found
Score Distribution
Percent of People with Each Score
Percentile by Number Answered
Your Score History
You have not taken this quiz